000 00398 a2200169 4500
001 69329
020 _a853224775X
040 _cAnchieta - Itaigara
100 _aBelinky, Tatiana
240 1 0 _aContanabos, o senhor das montanhas
_lpor
245 1 0 _aContanabos, o senhor das montanhas
300 _a24
362 0 _a2001
440 1 _aFTD
650 4 _aLiteratura infanto-juvenil
942 _cBK
999 _c69329
_d69329